| 000 | 00757nam a22002657a 4500 | ||
|---|---|---|---|
| 001 | 000646 | ||
| 003 | DO-SdBNP | ||
| 005 | 20180209092040.0 | ||
| 007 | 000646 | ||
| 008 | 161107b 1995 sp a ||||| |||| 00| 0 spa d | ||
| 020 | _a8426319173 | ||
| 040 |
_aBPMSU _bspa _cBPMSU |
||
| 100 | 1 | _aAlcántara, Ricardo | |
| 245 | 1 | 0 |
_a¿Quién ayuda en casa? / _cRicardo Alcántara ; ilustrado por Gusti. |
| 250 | _a8ª ed. | ||
| 260 |
_aZaragoza : _bEdelvives, _c1995. |
||
| 300 |
_a47 p. : _bil. ; _c18 cm. |
||
| 490 | 1 |
_aAla delta _v119 |
|
| 500 | _aPara niños a partir de los 11 años. | ||
| 700 | 1 | 2 |
_aGusti, _d1963- |
| 830 | 0 |
_aAla delta ; _v119 |
|
| 942 |
_2ddc _cBK |
||
| 945 | _aInventariado, 2018/LP | ||
| 956 |
_aLOPEREZ _b10 _c20180209 _hBPMSU |
||
| 999 |
_c11819 _d11819 |
||